Land vs. Land #133 - Statistiken

Allgemein
  • Dieses Quiz wurde 18 mal gespielt
  • Das Durchschnittsergebnis liegt bei 8 aus 14
Antwortstatistiken
Frage Antwort % Korrekt
...Bruttoinlandsprodukt pro Kopf? Luxemburg🇱🇺
93%
...Fläche? Israel🇮🇱
87%
...Einwohner? Israel🇮🇱
87%
...Militär? Israel🇮🇱
87%
...Exportmengen? Israel🇮🇱
87%
...HDI (Human Development Index)? Luxemburg🇱🇺
80%
...Tourismus? Israel🇮🇱
73%
...durchschnittlicher IQ? Luxemburg🇱🇺
67%
...Bruttoinlandsprodukt? Israel🇮🇱
60%
...Gewinner? Israel🇮🇱
27%
...Gesundheitswesen? Israel🇮🇱
13%
...Happy Planet Index? Israel🇮🇱
7%
...Frieden? Israel🇮🇱
7%
...Lebenserwartung? Israel🇮🇱
7%
Keine übereinstimmenden Quizze gefunden
Verteilung der Resultate
Anzahl Personen mit jedem Resultat
Perzentil nach korrekt beantworteten Fragen
Ihre Resultats-Entwicklung
Sie haben dieses Quiz noch nicht gespielt